What is this? Logos and places/things - Statistics

General Stats
  • This quiz has been taken 8 times
  • The average score is 2 of 6
Answer Stats
Picture Answer % Correct
Mario
100%
Lamborghini
57%
A prison
14%
Glass Beach California
14%
Virgin Records
14%
Lake Hillier
0%
No matching quizzes found
Score Distribution
Percent of People with Each Score
Percentile by Number Answered
Your Score History
You have not taken this quiz